000 00624cam a22002173a 4500
001 38312
003 PGUSA
005 20140828083838.0
008 111215s2011||||xxu|||||s|||||000 | eng d
040 _aPGUSA
_beng
042 _adc
100 1 _aVan Dyke, Henry,
_d1852-1933
245 1 4 _aThe Mansion
_h[electronic resource] /
_cHenry Van Dyke
260 _bProject Gutenberg,
_c2011
506 _aPublic domain in the USA.
516 _aElectronic text
700 1 _aElliott, Elizabeth Shippen Green,
_d1871-1954
830 0 _aProject Gutenberg
_v38312
856 4 0 _uhttp://www.gutenberg.org/ebooks/38312
942 _cEB
999 _c267566
_d267566